| Tag |
First Indicator |
Second Indicator |
Subfields |
| LEADER |
00000cam a2200000 i 4500 |
| 001 |
in00000030431 |
| 005 |
20151007061605.0 |
| 008 |
781030s1978 enkab b 00110 eng d |
| 020 |
|
|
|a 0713708565
|
| 035 |
|
|
|a (OCoLC)04331041
|
| 035 |
|
|
|9 AAD2525AM
|
| 040 |
|
|
|a AGL
|c AGL
|d OCL
|d TXA
|d UtOrBLW
|
| 049 |
|
|
|a TXAM [Also in] [Sp Coll]
|c 1 [1114857]
|a TXAS
|c 2 [1700822]
|
| 070 |
|
|
|a SF198.F7
|
| 090 |
|
|
|a SF198
|b .F7
|
| 100 |
1 |
|
|a Friend, John B.
|
| 245 |
1 |
0 |
|a Cattle of the world /
|c John B. Friend ; illustrations by Denis Bishop.
|
| 264 |
|
1 |
|a Poole :
|b Blandford Press,
|c 1978.
|
| 300 |
|
|
|a 198 pages :
|b illustrations (some color), maps ;
|c 20 cm.
|
| 336 |
|
|
|a text
|b txt
|2 rdacontent
|
| 337 |
|
|
|a unmediated
|b n
|2 rdamedia
|
| 338 |
|
|
|a volume
|b nc
|2 rdacarrier
|
| 500 |
|
|
|a Includes index.
|
| 504 |
|
|
|a Bibliography: page 194.
|
| 650 |
|
0 |
|a Cattle.
|
| 650 |
|
0 |
|a Cattle breeds.
|
| 999 |
|
|
|a MARS
|
| 999 |
f |
f |
|s 983df27b-8cde-3f3d-938d-1dcdc7507930
|i 26456a0e-70dc-30c2-ba06-5dba45f7901c
|t 0
|
| 952 |
f |
f |
|p noncirc
|a Texas A&M University
|b College Station
|c Cushing Memorial Library & Archives
|d Cushing: Dykes (Does not check out)
|t 0
|e SF198 .F7
|h Library of Congress classification
|i unmediated -- volume
|m A14851926650
|
| 952 |
f |
f |
|p ric
|a Texas A&M University
|b Rellis Campus
|c Joint Library Facility
|d Remote Storage
|t 0
|e SF198 .F7
|h Library of Congress classification
|i unmediated -- volume
|m A14805233215
|
| 998 |
f |
f |
|a SF198 .F7
|t 0
|l Cushing: Dykes (Does not check out)
|
| 998 |
f |
f |
|a SF198 .F7
|t 0
|l Remote Storage
|